| 000 | 00546nam a2200193 a 4500 | ||
|---|---|---|---|
| 001 | 000027968 | ||
| 003 | OSt | ||
| 005 | 20260321073641.0 | ||
| 008 | 110406s1979 dr 000 0 spa d | ||
| 040 |
_aDO-SdBNP _bspa _cBNPHU |
||
| 049 | _aBNPD | ||
| 100 | 1 |
_a Bosch, Juan, _d1909-2001 _976555 |
|
| 245 | 1 | 0 |
_aBase teórica de los metodos de trabajo. / _cJuan Bosch. |
| 260 |
_aSanto Domingo, : _bImprenta Mercedes, _c1979. |
||
| 300 |
_a21 p. ; _c14 cm. |
||
| 490 | 1 | _aEstudios sociales | |
| 830 | 0 |
_aEstudios sociales _97147 |
|
| 942 |
_2ddc _cLBS1 |
||
| 999 |
_c27460 _d27460 |
||